000 00578nam a2200193 i 4500
001 135681
003 ES-MaACL
005 20230906194930.0
007 t|
008 070730s1962 sp ||||1| spa d
080 _a946.741 Ob.
100 1 _aTorres Fontes, Juan.
_9110958
245 1 3 _aEl señorío de Abanilla /
_cJuan Torres Fontes.
260 _aMurcia :
_bDiputación,
_c[1962]
300 _a212 p. :
_bil. ;
_c21 cm.
651 4 _aAbanilla-
_xHistoria.
_97588
710 1 _aMurcia (Provincia).
_bDiputación Provincial.
_95801
852 _aES-MaACL
_jC-22031
_bR.50768
999 _c135681
_d135681